Statistics for 「い」から始まる市区町村

Click here to take the quiz!

General Stats

  • This quiz has been taken 51 times
  • The average score is 78 of 106

Answer Stats

AnswerHint% Correct
飯田市長野県
100%
伊勢市三重県
93%
伊豆市静岡県
91%
茨木市大阪府
91%
飯塚市福岡県
91%
伊那市長野県
91%
池田市大阪府
91%
泉佐野市大阪府
89%
磐田市静岡県
89%
伊勢崎市群馬県
89%
伊予市愛媛県
86%
いわき市福島県
86%
伊豆の国市静岡県
86%
市川市千葉県
86%
今治市愛媛県
86%
諫早市長崎県
86%
出雲市島根県
84%
和泉市大阪府
84%
伊勢原市神奈川県
84%
揖斐川町岐阜県揖斐郡
84%
池田町北海道中川郡(天塩国)
84%
生駒市奈良県
84%
池田町岐阜県揖斐郡
84%
池田町長野県北安曇郡
84%
池田町福井県今立郡
84%
壱岐市長崎県
84%
板橋区東京都
84%
伊万里市佐賀県
84%
飯山市長野県
84%
いすみ市千葉県
84%
市原市千葉県
82%
伊東市静岡県
82%
一宮市愛知県
82%
石川町福島県石川郡
82%
伊佐市鹿児島県
82%
泉大津市大阪府
82%
石巻市宮城県
82%
一関市岩手県
82%
稲沢市愛知県
82%
石垣市沖縄県
82%
岩手町岩手県岩手郡
82%
糸島市福岡県
82%
伊賀市三重県
80%
糸満市沖縄県
80%
岩国市山口県
80%
岩倉市愛知県
80%
糸魚川市新潟県
80%
犬山市愛知県
80%
石狩市北海道
80%
いちき串木野市鹿児島県
80%
指宿市鹿児島県
77%
井原市岡山県
77%
一戸町岩手県二戸郡
77%
茨城町茨城県東茨城郡
77%
稲城市東京都
77%
印西市千葉県
77%
射水市富山県
77%
伊丹市大阪府
77%
いなべ市三重県
75%
石岡市茨城県
75%
稲敷市茨城県
75%
岩見沢市北海道
75%
岩出市和歌山県
75%
出水市鹿児島県
75%
伊奈町埼玉県北足立郡
73%
板野町徳島県板野郡
73%
一宮町千葉県長生郡
73%
斑鳩町奈良県生駒郡
70%
入間市埼玉県
70%
岩沼市宮城県
70%
岩美町鳥取県岩美郡
68%
いの町高知県吾川郡
66%
飯舘村福島県相馬郡
66%
今別町青森県東津軽郡
66%
田舎館村青森県南津軽郡
66%
岩内町北海道岩内郡
66%
伊是名村沖縄県島尻郡
66%
伊根町京都府与謝郡
64%
市川三郷町山梨県西八代郡
64%
稲美町兵庫県加古郡
64%
猪名川町兵庫県川辺郡
64%
市川町兵庫県神崎郡
64%
印南町和歌山県日高郡
64%
潮来市茨城県
61%
糸田町福岡県田川郡
61%
飯綱町長野県上水内郡
61%
伊方町愛媛県西宇和郡
61%
伊平屋村沖縄県島尻郡
61%
石井町徳島県名西郡
61%
出雲崎町新潟県三島郡
61%
板倉町群馬県邑楽郡
59%
飯島町長野県上伊那郡
57%
市貝町栃木県芳賀郡
57%
岩泉町岩手県下閉伊郡
55%
井川町秋田県南秋田郡
55%
伊江村沖縄県国頭郡
55%
井手町京都府綴喜郡
55%
飯豊町山形県西置賜郡
52%
伊仙町鹿児島県大島郡
48%
泉崎村福島県西白河郡
48%
五木村熊本県球磨郡
48%
板柳町青森県北津軽郡
45%
生坂村長野県東筑摩郡
45%
飯南町島根県飯石郡
45%
今金町北海道瀬棚郡
43%
猪苗代町福島県耶麻郡
41%

Score Distribution

Percentile by Number Answered

Percent of People with Each Score

Your Score History

You have not taken this quiz